01797nam a2200289 a 4500001000200000003000900002005001700011008003100028020002000059040002600079082002600105110001900131245008800150260005000238300004400288500003300332500002600365504004300391505067200434650006601106650005601172651006001228651005801288710005401346710006401400710004301464 DO-SdBNP20221019134502.0090820s2006 Co 000 spa d a 9789588307060. aDO-SdBNPbspacBPMSU  a338.91bI38s 20062222 aBanco Mundial.10aInforme sobre el desarrollo mundial 2007 : bel desarrollo y la nueva generación  aBogotá, Colombia : bBanco Mundial,c2006. axviii, 263 p. :bil.,gráfs. ;c28 cm. aDocumento del Banco Mundial  aTexto a dos columnas  aReferencias bibliográficas ; 207-2280 aPanorama general 1 -- ¿Por qué ahora y cómo ? 21 -- La juventud, la reducción de la pobreza y el crecimiento 22 -- Posibilidades, capacidades y segundas oportunidades : marco de referencia para las políticas 39 -- Transiciones 58 -- Aprender para el trabajo y la vida 58 -- Salir a trabajar 81 -- Crecer en forma saludable 102 -- Formar familias 121 -- Ejercer la ciudadanía 134 -- Moverse y comunicarse a través de las fronteras 156 -- Políticas para los jóvenes : hacerlo bien y lograrlo bien 177 -- Notas bibliográficas 191 -- Notas 193 -- Referencias 207 -- Indicadores seleccionados 229 -- Indicadores seleccionados del desarrollo mundial 243 aDesarrollo económicozPaíses en desarrolloy2007vInforme 4a Desarrollo científico y tecnológicovInformes. 4aPaíses en desarrolloxIndicadores económicos y2007 4aPaíses en desarrolloxPolítica económica y20072 aBanco Internacional de Reconstrucción y Fomento2 aBanco Interamericano de Desarrollo (República Dominicana)2 aBanco Mundial (República Dominicana)